000
00353 a2200169 4500
001
161499
020
_a
85-281-0083-9
040
_c
Magnum
100
_a
Louzeiro, José
240
1
0
_a
Praça das dores
_l
por
245
1
0
_a
Praça das dores
300
_a
59
362
0
_a
1994
440
1
_a
Salamandra
697
_a
LITERATURA JUVENIL
942
_c
BK
999
_c
161499
_d
161499